[Event "35th T-ch GR"]
[Site "Ermioni"]
[Date "2006.07.10"]
[Round "7.4"]
[White "Ziogas, Paris"]
[Black "Mastrovasilis, Athanasios"]
[Result "0-1"]
[WhiteElo "2139"]
[BlackElo "2521"]
[PlyCount "74"]
[EventDate "2006.07.03"]

1. e4 e5 2. Nf3 Nc6 3. Bb5 Nf6 4. O-O Nxe4 5. d4 Nd6 6. Bxc6 dxc6 7. dxe5 Nf5
8. Qxd8+ Kxd8 9. Nc3 Bd7 10. Re1 h6 11. b3 b6 12. Bb2 Kc8 13. Rad1 Bb4 14. Re4
Bxc3 15. Bxc3 c5 16. Re2 a5 17. h3 Be6 18. Red2 a4 19. g4 Ne7 20. Kg2 Kb7 21.
Kg3 Kc6 22. Ne1 g5 23. Ng2 h5 24. f4 hxg4 25. hxg4 Nd5 26. Rd3 gxf4+ 27. Nxf4
Nxf4 28. Kxf4 Rh4 29. Rg3 b5 30. Rg2 b4 31. Be1 Rh1 32. Kg3 Rah8 33. Rc1 Bd5
34. Rf2 Rg1+ 35. Kf4 Rhh1 36. Re2 a3 37. Kg5 Bf3 0-1

[Event "35th T-ch GR"]
[Site "Ermioni"]
[Date "2006.07.10"]
[Round "7.1"]
[White "Kourkounakis, Ilias"]
[Black "Kalaitzoglou, Panayotis"]
[Result "1-0"]
[WhiteElo "2379"]
[BlackElo "2176"]
[PlyCount "75"]
[EventDate "2006.07.03"]

1. Nf3 Nf6 2. c4 e6 3. g3 d5 4. Bg2 Be7 5. O-O O-O 6. b3 c5 7. Bb2 d4 8. b4 Bd6
9. bxc5 Bxc5 10. Ba3 Bxa3 11. Nxa3 Nc6 12. d3 e5 13. Nc2 Bf5 14. Rb1 Rb8 15.
Nb4 Qd6 16. Qa4 Bd7 17. Nd2 Nxb4 18. Qxb4 Qxb4 19. Rxb4 b6 20. Rfb1 Rbc8 21. a4
Bc6 22. Bxc6 Rxc6 23. Rb5 Nd7 24. Rd5 Rc7 25. a5 f6 26. f4 bxa5 27. Rxa5 Nc5
28. Rbb5 Rfc8 29. Nb3 Nd7 30. Kf2 Kf7 31. Kf3 Ke7 32. Ra6 Rb8 33. fxe5 fxe5 34.
Rxb8 Nxb8 35. Ra5 Nc6 36. Rc5 Kd6 37. Rd5+ Ke6 38. Ke4 1-0

[Event "35th T-ch GR"]
[Site "Ermioni"]
[Date "2006.07.10"]
[Round "7.1"]
[White "Darmarakis, Mihail"]
[Black "Shahtahtinsky, Alekper"]
[Result "1/2-1/2"]
[WhiteElo "2174"]
[BlackElo "2273"]
[PlyCount "96"]
[EventDate "2006.07.03"]

1. e4 c5 2. Nf3 Nc6 3. Bc4 g6 4. d3 Bg7 5. c3 e6 6. Bb3 d5 7. Qe2 Nge7 8. O-O
O-O 9. Re1 b5 10. Bg5 f6 11. exd5 exd5 12. Be3 c4 13. Bc2 Re8 14. a4 cxd3 15.
Bxd3 b4 16. Bc5 a5 17. Bb5 Bd7 18. Qd2 bxc3 19. Nxc3 Ne5 20. Bxe7 Rxe7 21. Nxe5
fxe5 22. Qxd5+ Be6 23. Qe4 Bf5 24. Qh4 Rc7 25. Qxd8+ Rxd8 26. Rad1 Rd4 27. h3
Kf7 28. Nd5 Rxd1 29. Rxd1 Rc2 30. b4 axb4 31. Nxb4 Rb2 32. Bc4+ Ke8 33. Nc6 Bd7
34. Bf7+ Kxf7 35. Rxd7+ Kf6 36. a5 Ra2 37. g4 Bf8 38. Rd5 e4 39. Re5 Rc2 40.
g5+ Kg7 41. Nd4 Rc4 42. Ne6+ Kf7 43. Nd8+ Kg8 44. a6 Ra4 45. Re6 Bc5 46. Rc6 e3
47. fxe3 Bxe3+ 48. Kg2 Bxg5 1/2-1/2

[Event "35th T-ch GR"]
[Site "Ermioni"]
[Date "2006.07.10"]
[Round "7.2"]
[White "Kanellopoulos, Panayotis"]
[Black "Kritz, Leonid"]
[Result "0-1"]
[WhiteElo "2271"]
[BlackElo "2578"]
[PlyCount "54"]
[EventDate "2006.07.03"]

1. c4 e5 2. Nc3 Bb4 3. Nf3 Bxc3 4. bxc3 d6 5. g3 Nc6 6. Rb1 Nge7 7. Bg2 O-O 8.
O-O Rb8 9. d3 h6 10. e4 Bg4 11. h3 Be6 12. Kh2 Qd7 13. Ne1 f5 14. exf5 Bxf5 15.
Ba3 Nd8 16. Nc2 Ne6 17. Ne3 Bh7 18. Qe2 Qa4 19. Nd5 Qxa3 20. Nxe7+ Kf7 21. Nd5
c6 22. Nb4 Qxc3 23. Rb3 Qd4 24. Bxc6 bxc6 25. Nxc6 Rxb3 26. Nxd4 Nxd4 27. Qg4
Rb2 0-1

[Event "35th T-ch GR"]
[Site "Ermioni"]
[Date "2006.07.10"]
[Round "7.2"]
[White "Lirindzakis, Timotheos"]
[Black "Pountzas, Hrisanthos"]
[Result "1/2-1/2"]
[WhiteElo "2381"]
[BlackElo "2262"]
[PlyCount "57"]
[EventDate "2006.07.03"]

1. d4 Nf6 2. c4 c5 3. d5 e5 4. Nc3 d6 5. Nf3 Nbd7 6. e4 Be7 7. g3 O-O 8. Bg2 b5
9. cxb5 a6 10. b6 Nxb6 11. O-O a5 12. Re1 Nfd7 13. Bf1 Ba6 14. Bxa6 Rxa6 15.
Qe2 Qa8 16. Be3 Rc8 17. Nd2 a4 18. Nb5 Ra5 19. Na3 Qa6 20. Qxa6 Rxa6 21. Rac1
Rb8 22. Rc2 Nc8 23. Ndc4 Ncb6 24. Bd2 Nxc4 25. Nxc4 Bd8 26. h4 Bc7 27. Rec1 Nb6
28. Ne3 Nd7 29. Nc4 1/2-1/2